Представление документа в формате RUSMARC

ПолеНазваниеЗначение
  Тип записи a
  Библиографический уровень a
001 Контрольный номер RU/CBS_UL/BASE/598902796
005 Дата корректировки 20240209175235.6
100 Данные общей обработки __
a Данные общей обработки 20181223d2018 ||| 0rusy0189 ca
101 Язык документа 0_
a Язык текста rus
102 Страна публикации __
a Страна публикации RU
105 Кодированные данные (монография) __
a Кодированные данные (монография) y###||||000|y
200 Заглавие и сведения об ответственности 1_
a Заглавие Сказка своими руками
b Общее обозначение материала Текст
e Сведения, относящиеся к заглавию [мастер-класс "Создаем своими руками новогодние композиции"]
f Первые сведения об ответственности Т. Недогреева
300 Общие примечания __
a Общие примечания Ограничения по возрасту - 16+
461 Уровень набора _0
1 2000
a Клуб
463 Уровень физической единицы _0
1 001RU/CBS_UL/BASE/595347421
1 2000
a № 11
v С. 27-29 : цв. фото
1 210
d 2018
606 Тематические рубрики 0_
a Основная рубрика Украшения самодельные
610 Ключевые слова 0_
a Ключевые слова украшения для дома
a Ключевые слова Новый год
a Ключевые слова композиции новогодние
a Ключевые слова композиции новогодние подвесные
a Ключевые слова новогодние настольные композиции
a Ключевые слова композиции новогодние настольные
a Ключевые слова свечи новогодние
a Ключевые слова подсвечник новогодний
a Ключевые слова елочные игрушки
a Ключевые слова игрушки елочные
a Ключевые слова елки новогодние самодельные
686 Индексы других классификаций __
a Классификационный индекс 37.279
2 Код системы ББК
700 Автор _1
a Фамилия Недогреева
b Имя (инициалы) Т.
801 Источник записи _0
a Страна RU
b Организация МБУК ЦБС г. Ульяновска
c Дата составления 20181223
g Правила каталогизации RCR
801 Источник записи _1
a Страна RU
b Организация МБУК ЦБС г. Ульяновска
c Дата составления 20181223
g Правила каталогизации RCR
901 Тип документа __
t Тип документа b
w Контрольный № источника RU/CBS_UL/BASE/595347421
910 Корректоры записи __
a Корректор записи Библиотека 1
938 Служебная информация __
a Имя БД period